Laboratory manual in general biochemistry / (Record no. 358860)
[ view plain ]
| 000 -LEADER | |
|---|---|
| fixed length control field | 00686nam a2200133Ia 4500 |
| 008 - FIXED-LENGTH DATA ELEMENTS--GENERAL INFORMATION | |
| fixed length control field | 180925s9999 xx 000 0 und d |
| 020 ## - INTERNATIONAL STANDARD BOOK NUMBER | |
| International Standard Book Number | 9789719804444 |
| 100 ## - MAIN ENTRY--PERSONAL NAME | |
| Personal name | Bathan, Gladys I. |
| 245 ## - TITLE STATEMENT | |
| Statement of responsibility, etc | Gladys I. Bathan, Angelica Bernadette C. Crisostomo, Minerva L. Daya, Roldan M. De Guia, Florence L. Farrow, Marissa G. Gabona, Leonardo A. Guevarra, Jr., Ma. Irene D. Liu, Gardee T. Peña, Leslyn L. Peña, Librado A. Santiago, Angelita S. Sarile, Peter C. |
| Title | Laboratory manual in general biochemistry / |
| 250 ## - EDITION STATEMENT | |
| Edition statement | 2nd ed |
| 260 ## - PUBLICATION, DISTRIBUTION, ETC. (IMPRINT) | |
| Place of publication, distribution, etc | Philippines : |
| Name of publisher, distributor, etc | C & E Publishing, Inc. |
| Date of publication, distribution, etc | 2017 |
| 300 ## - PHYSICAL DESCRIPTION | |
| Extent | xxii, 146 pages : |
| Other physical details | illustrations ; |
| Dimensions | 26 cm. |
| 650 ## - SUBJECT ADDED ENTRY--TOPICAL TERM | |
| Topical term or geographic name as entry element | Biochemistry -- laboratory manual. |
| Withdrawn status | Lost status | Source of classification or shelving scheme | Damaged status | Home library | Current library | Shelving location | Date acquired | Source of acquisition | Total Checkouts | Full call number | Barcode | Date last seen | Price effective from | Koha item type |
|---|---|---|---|---|---|---|---|---|---|---|---|---|---|---|
| Library of Congress Classification | South SEED-LPDH College Library | South SEED-LPDH College Library | South SEED-LPDH College Section | 09/25/2018 | Library Fund | QP 519 .B33 2017 | SSLC1802 | 09/25/2018 | 09/25/2018 | Books |